| 000 | 01510cam a2200409 a 4500 | ||
|---|---|---|---|
| 001 | 16869366 | ||
| 003 | OSt | ||
| 005 | 20180116192415.0 | ||
| 008 | 110713s2012 enka b 001 0 eng | ||
| 010 | _a 2011029785 | ||
| 016 | 7 |
_a015903473 _2Uk |
|
| 020 | _a9780415619080 (hardback : alk. paper) | ||
| 020 | _a0415619084 (hardback : alk. paper) | ||
| 020 | _a9780415619097 (pbk. : alk. paper) | ||
| 020 | _a0415619092 (pbk. : alk. paper) | ||
| 020 | _a9780203136249 (ebook) | ||
| 020 | _a0203136241 (ebook) | ||
| 035 | _a(OCoLC)ocn707965994 | ||
| 040 |
_aDLC _cDLC _dYDX _dBTCTA _dUKMGB _dYDXCP _dCDX _dDLC |
||
| 042 | _apcc | ||
| 050 | 0 | 0 |
_aNA2005 _b.U59 2012 |
| 082 | 0 | 0 |
_a720.76 _223 |
| 100 | 1 |
_aUnwin, Simon, _d1952- _96546 |
|
| 245 | 1 | 0 |
_aExercises in architecture : _blearning to think as an architect / _cSimon Unwin. |
| 246 | 3 | 0 | _aLearning to think as an architect |
| 260 |
_aLondon ; _aNew York : _bRoutledge, _c2012. |
||
| 300 |
_axii, 212 p. : _bill. ; _c29 cm. |
||
| 490 | 0 | _aArchitecture notebooks | |
| 504 | _aIncludes bibliographical references and index. | ||
| 650 | 0 |
_aArchitecture _xStudy and teaching. _96547 |
|
| 650 | 0 |
_aArchitecture _xProblems, exercises, etc. _96548 |
|
| 650 | 0 |
_aArchitects _xTraining of. _96549 |
|
| 906 |
_a7 _bcbc _corignew _d1 _eecip _f20 _gy-gencatlg |
||
| 942 |
_2ddc _cBK |
||
| 999 |
_c353702 _d353702 |
||